000
00225nam a2200097Ia 4500
008
190216s9999||||xx |||||||||||||| ||und||
100
_a
Eed D A
245
0
_a
Pakshiyude Gadana
260
_b
Kerala Bhasha Institute
942
_c
BK
999
_c
40162
_d
40162